| 000 | 00834nas a2200277 4500 | ||
|---|---|---|---|
| 001 | BR9503508 | ||
| 003 | BR-BrBNA | ||
| 005 | 20231205094046.0 | ||
| 007 | ta | ||
| 008 | 230509b bl.|||p| |||| 00| 00por d | ||
| 040 |
_aBR-BrBNA _bpor _cBiblioteca Nacional de Agricultura |
||
| 041 | _a(Pt) | ||
| 072 | _aF02 | ||
| 100 | 1 | _aMenezes, J.M.T. | |
| 100 | 1 | _aOliveira, J.C. de | |
| 100 | 1 | _aRuggiero, C. | |
| 100 | 1 | _aBanzatto, D.A. | |
| 245 | 1 | _aAvaliacao da taxa de pegamento de enxertos de maracuja-amarelo sobre especies tolerantes a "morte prematura de plantas" | |
| 650 | _aMaracuja | ||
| 650 | _aEnxerto | ||
| 650 | _aPorta Enxerto | ||
| 650 | _aGarfagem | ||
| 773 | 0 |
_tCientifica (Brazil) _xISSN 0100-0039 _g(1994), v. 22(1) p. 95-104 _wBR9503508 |
|
| 909 |
_a202311 _bLúcia _c55 _dLúcia Elande |
||
| 942 |
_2AGRIS _n0 _cANA |
||
| 999 |
_c141821 _d141821 |
||